000 00734nmc a2200289 a 4500
003 AR-BaBNM
005 20251128203323.0
008 157019s1992 ||||||||||||||000 | spa||
020 _a84-7100-403-8
040 _cAR-BaBNM
100 1 _aLacave, José Luís
245 1 0 _aJuderías y sinagogas españolas
250 _a1ª ed.
260 _aMadrid
_bMapfre
_c1992
300 0 _a440 p.
_bmapas
490 0 _aSefarad
_vv. 3
650 4 _aHISTORIA DE LAS RELIGIONES
650 4 _aEDIFICIOS RELIGIOSOS
650 4 _aHISTORIA DE LAS COSTUMBRES
650 4 _aJUDIOS
650 4 _aJUDAISMO
650 4 _aCRISTIANOS
651 4 _aEspaña
800 1 _aGallego, José Andrés
_ecoordinador
942 _cBK
998 _cmariana
999 _c2882
_d2882